000 00702nam a2200277Ia 4500
005 20260324134021.0
008 008 260324s9999 xx 000 0 eng d
020 _a9780429137006
037 _aEBOOK
040 _aCRL
040 _beng
040 _cCRL
041 _2eng
041 _aeng
084 _qCRL
100 _aJohn M. Kimble; Rattan Lal; Ronald F. Follett
_91195257
245 0 _aAgricultural Practices and Policies for Carbon Sequestration in Soil
260 _bTaylor and Francis
260 _c2002
365 _a
365 _b560
856 _uhttp://www.taylorfrancis.com/books/9780429137006
942 _cEBOOK
999 _c1794887
_d1794887